00434nam a2200145 a 4500001000500000005001700005008004100022020001800063050001800081100002000099245008700119260003800206300001800244440002600262364820140414131903.0060921s19uu xx 00 eng d a0-671-63074-1 aFICbH77 1989 aHope, Laura Lee aThe new Bobbsey twins #11 :bthe case of the crooked contest /cby Laura Lee Hope. aNew York :bPocket books,cc1989. a90 p. ; cm. aThe New Bobbsey Twins